000 00713 a2200217 4500
999 _c6191
_d6191
020 _a027360323X
050 _aTS160 JES 1994
100 _aJessop, David
_eauthor
245 _aStorage and supply of materials :
_binbound logistics for commerce, industry and public undertakings /
_cDavid Jessop and Alex Morrison
250 _a6th edition
264 _aHarlow :
_bPrentice Hall,
_c1994
300 _avii, 341p. :
_bill.
500 _aIncludes index
650 _aInventory control
650 _aStores or stock-room keeping
650 _aMaterials management
650 _aWarehouses
_xManagement
650 _aInventories
700 _aMorrison, Alex
_eauthor
942 _2lcc
_cBK
_e6th edition
_h160
_iJES
_kTS